000 00447nam a22001577a 4500
003 OSt
005 20211026091651.0
008 211026b |||||||| |||| 00| 0 eng d
020 _a033367670=x
040 _aHU
_cDDC
082 _a349.42/MUS
245 _aThe evolution of English Justice: Law, politics and society in the fourteenth century
260 _aGreat Britain
_bMacmillan press
_c1999
300 _avii,249p,21cm
942 _2ddc
_cBOOKS
_n0
999 _c14845
_d14845